00395nam a22001457a 4500003000500000005001700005008004100022050002400063082002300087245005900110250001600169260003800185300002000223562000600243SISC20160317132840.0130907t xxu||||| |||| 00| 0 eng d aMT 262b.Su968 2000 aHS 787.2 bS1 2000 aSuzuki violin school piano accompaniments volume 1. / arevised ed. aWarner Bros Pub :bU.S.A,cc2000. a24 p. :c30 cm. e1